Cine de mujeres : (Registro nro. 24171)
[ vista simple ]
| 000 -Cabecera | |
|---|---|
| Campo de control interno | 00428nam a2200181Ia 4500 |
| 005 - Fecha y hora del registro | |
| control field | 20260414151025.0 |
| 008 - Elementos de Longitud Fija | |
| fixed length control field | 260414t1991||||xx |||||||||||||| ||spa|| |
| 041 ## - Idioma | |
| Codigo Idioma | ESP |
| 082 ## - DEWEY y NOTACIÓN INTERNA | |
| Dewey | 791.436 |
| Notación Interna | K92 |
| 100 ## - AUTOR | |
| Autor denominación | Kuhn, Annette |
| Término de relación | autor |
| 245 #0 - TÍTULO DE MATERIAL BIBLIOGRÁFICO | |
| Título | Cine de mujeres : |
| Título paralelo | feminismo y cine |
| 260 ## - CIUDAD, EDITORIAL, AÑO | |
| Año | 1991 |
| 300 ## - DESCRIPCIÓN | |
| N° Páginas | 220 páginas : |
| Dimensiones | 21 cm. |
| 650 ## - TEMAS | |
| Temas | Las Artes |
| 654 ## - PROGRAMAS | |
| Programa | Dpto. Arquitectura y Urbanismo |
| 942 ## - ELEMENTOS DE KOHA | |
| Tipo de documento | Libro |
| Nombre del creador | Justo Noguera |
| Código de catalogador | Justo Noguera |
| Esquema de clasificación | Dewey Decimal Classification |
| Suppress in OPAC | |
| Codigo completo | Registro | Colección | Copia número | Disponibilidad | Tipo de préstamo | Biblioteca Actual | Procedencia (Biblioteca) | Ubicacón | Fecha Ingreso | Tipo de Adquisición | Date last seen | Total checkouts | Price effective from | Tipo de Item | Estado del Material | Damaged status | Withdrawn status |
|---|---|---|---|---|---|---|---|---|---|---|---|---|---|---|---|---|---|
| 791.436 K92 | 1050943 | Universidad Católica San Pablo | 1 | Disponible | Disponible | Víctor Andrés Belaunde | Víctor Andrés Belaunde | Segundo piso | 14/04/2026 | Donación | 14/04/2026 | 14/04/2026 | Libro | Bueno |




